[Event "XXXI Festival A"]
[Site "Arco ITA"]
[Date "2009.10.23"]
[Round "7"]
[White "Kierzek, Mira"]
[Black "Zucchelli, Massimo"]
[Result "1-0"]
[WhiteElo "2043"]
[BlackElo "2159"]
[PlyCount "111"]
[EventDate "2009.10.17"]

1. d4 Nf6 2. c4 e6 3. Nf3 Bb4+ 4. Bd2 Qe7 5. Nc3 Nc6 6. g3 Bxc3 7. Bxc3 Ne4 8.
Rc1 d6 9. Bg2 Nxc3 10. Rxc3 O-O 11. O-O e5 12. d5 Nb8 13. e4 a5 14. Ra3 Bg4 15.
Qd2 b6 16. b4 Na6 17. bxa5 Nc5 18. Qe3 Bxf3 19. Qxf3 bxa5 20. Qg4 a4 21. Rb1
Rfb8 22. Rb5 Rxb5 23. cxb5 g6 24. h4 h5 25. Qe2 Kg7 26. Re3 Qd7 27. Kh2 Rb8 28.
Bf1 f6 29. Qf3 Rf8 30. Qe2 f5 31. exf5 Qxf5 32. Kg2 e4 33. Qd2 Rf7 34. Bc4 Qf6
35. Qc3 Qxc3 36. Rxc3 Kf6 37. f3 Ke5 38. fxe4 Nxe4 39. Rc2 Kd4 40. a3 Rf2+ 41.
Rxf2 Nxf2 42. Be2 Nd3 43. Bd1 Ne5 44. Bxa4 Kxd5 45. Bb3+ Kc5 46. a4 Kb4 47. Bd1
d5 48. Kf2 d4 49. Ke2 Kc3 50. a5 d3+ 51. Kf2 Nc4 52. a6 d2 53. a7 Nb6 54. Ke3
Nc4+ 55. Kf4 Nb6 56. Ke4 1-0

[Event "XXXI Festival A"]
[Site "Arco ITA"]
[Date "2009.10.22"]
[Round "7"]
[White "Kummer, Heinz"]
[Black "Mazza, Maurizio"]
[Result "1/2-1/2"]
[WhiteElo "1863"]
[BlackElo "1677"]
[PlyCount "57"]
[EventDate "2009.10.17"]

1. e4 e5 2. Nf3 Nc6 3. Bc4 Bc5 4. c3 Nf6 5. d3 O-O 6. Bb3 d6 7. O-O Bg4 8. Nbd2
d5 9. Qe2 dxe4 10. dxe4 Qe7 11. Bc2 Rad8 12. Nc4 a6 13. Ne3 Bh5 14. Nf5 Qe8 15.
Be3 Bxe3 16. Qxe3 Ne7 17. N3h4 Nxf5 18. Nxf5 Bg6 19. Ng3 Qe7 20. Rad1 b6 21. f3
Rxd1 22. Rxd1 Rd8 23. Rxd8+ Qxd8 24. Qd3 Qxd3 25. Bxd3 a5 26. Nf1 Nd7 27. Ne3
f6 28. Nd5 Bf7 29. Nxc7 1/2-1/2

[Event "XXXI Festival A"]
[Site "Arco ITA"]
[Date "2009.10.22"]
[Round "7"]
[White "Lazzaroni, Fabio"]
[Black "Savarese, Vincenzo"]
[Result "1-0"]
[WhiteElo "1867"]
[BlackElo "1810"]
[PlyCount "40"]
[EventDate "2009.10.17"]

1. e4 e6 2. d4 d5 3. Nc3 a6 4. Nf3 Nf6 5. Bg5 dxe4 6. Nxe4 Be7 7. Bxf6 gxf6 8.
a4 O-O 9. Qd2 b6 10. c3 Bb7 11. Bd3 Nd7 12. Qe2 f5 13. Ng3 Nf6 14. Nd2 Kh8 15.
f3 Rg8 16. Ngf1 Nd5 17. g3 Qd7 18. Ne3 Bf6 19. Kf2 Rg6 20. Nec4 Qd6 1-0

[Event "XXXI Festival A"]
[Site "Arco ITA"]
[Date "2009.10.23"]
[Round "7"]
[White "Maneschi, Giuseppe"]
[Black "Dalponte, Dino"]
[Result "0-1"]
[WhiteElo "2072"]
[BlackElo "2138"]
[PlyCount "116"]
[EventDate "2009.10.17"]

1. c4 f5 2. g3 Nf6 3. Bg2 e6 4. e3 c6 5. Ne2 Be7 6. O-O O-O 7. b3 d6 8. d3 Nbd7
9. Nbc3 Ne5 10. e4 fxe4 11. dxe4 Nfg4 12. f3 Qb6+ 13. Qd4 Nf6 14. Be3 Qc7 15.
Qd2 Nf7 16. Rac1 Bd7 17. Kh1 a6 18. b4 Rad8 19. a4 Bc8 20. Qb2 Ne5 21. Qb3 c5
22. b5 Nd3 23. Rcd1 Nb4 24. bxa6 bxa6 25. Na2 Nxa2 26. Qxa2 Bd7 27. Rd3 Rb8 28.
Rb1 Rxb1+ 29. Qxb1 Rb8 30. Rb3 Rxb3 31. Qxb3 Qa5 32. Nc3 Qb4 33. Qc2 Qxc4 34.
Kg1 Qb4 35. Bd2 Qd4+ 36. Kh1 d5 37. h3 Qf2 38. g4 Bd6 39. Nd1 Qe2 40. Nc3 Qc4
41. Qb1 Qb4 42. Qc2 Qa3 43. Bf1 d4 44. Nb1 Qxf3+ 45. Bg2 Qe2 46. Kg1 c4 47. Qc1
Nxe4 48. Be1 Nc5 49. Qd2 Qxd2 50. Nxd2 c3 51. Nc4 Bf4 52. Na3 Bxa4 53. Bf2 e5
54. Bd5+ Kh8 55. Kg2 c2 56. Nxc2 Bxc2 57. Kf3 d3 58. Be3 d2 0-1

[Event "XXXI Festival A"]
[Site "Arco ITA"]
[Date "2009.10.22"]
[Round "7"]
[White "Matei, Bogdan Stefan"]
[Black "Fortunato, Vito"]
[Result "0-1"]
[WhiteElo "1707"]
[BlackElo "1913"]
[PlyCount "64"]
[EventDate "2009.10.17"]

1. e4 c5 2. Nf3 Nc6 3. d4 cxd4 4. Nxd4 g6 5. Be3 Bg7 6. Nc3 Nf6 7. f3 O-O 8.
Qd2 d5 9. exd5 Nxd5 10. Nxc6 bxc6 11. Nxd5 cxd5 12. c3 e5 13. Be2 a6 14. O-O
Re8 15. Rad1 Be6 16. Bc5 Qc7 17. b4 a5 18. Bb5 Reb8 19. a4 axb4 20. cxb4 d4 21.
Qd3 Bh6 22. a5 Bf4 23. Bc4 Bxh2+ 24. Kh1 Bxc4 25. Qxc4 Bf4 26. Qd5 Rc8 27. Qd6
Qxd6 28. Bxd6 Rc2 29. Rb1 Ra6 30. Bc7 Rxc7 31. b5 Rxa5 32. b6 Rb7 0-1

[Event "XXXI Festival A"]
[Site "Arco ITA"]
[Date "2009.10.22"]
[Round "7"]
[White "Modena, Giorgio"]
[Black "Thompson, Edward Nii Lamptey"]
[Result "1-0"]
[WhiteElo "1892"]
[BlackElo "1818"]
[PlyCount "75"]
[EventDate "2009.10.17"]

1. e4 d6 2. d4 Nf6 3. Bd3 g6 4. Ne2 e5 5. d5 Bg7 6. c4 c6 7. Nbc3 Nbd7 8. h3
Qc7 9. Be3 a6 10. Qd2 h5 11. Rc1 Rb8 12. O-O c5 13. b3 O-O 14. Kh1 Re8 15. Ng1
Nf8 16. f4 exf4 17. Bxf4 N6d7 18. Nf3 Ne5 19. Nxe5 Bxe5 20. Bxe5 Rxe5 21. Rf3
Kg7 22. Rcf1 Re7 23. Qf2 Nh7 24. Rf4 Qd7 25. Qg3 Qe8 26. R4f2 Qd8 27. Be2 Bd7
28. Qxd6 Be8 29. Qxc5 Rc8 30. Qd4+ Kg8 31. Qe3 Qd6 32. Qf4 Re5 33. Bd3 Ng5 34.
Qf6 Qc7 35. d6 Qc5 36. Nd5 Rxd5 37. exd5 Nh7 38. Qe7 1-0

[Event "XXXI Festival A"]
[Site "Arco ITA"]
[Date "2009.10.22"]
[Round "7"]
[White "Mombelli, Antonio"]
[Black "Ebeling, Jens"]
[Result "1/2-1/2"]
[WhiteElo "1829"]
[BlackElo "2047"]
[PlyCount "44"]
[EventDate "2009.10.17"]

1. e4 c5 2. c3 Nf6 3. e5 Nd5 4. d4 cxd4 5. cxd4 e6 6. Nf3 d6 7. Bc4 Nc6 8. O-O
dxe5 9. dxe5 Be7 10. Bd2 Nb6 11. Bb3 O-O 12. Nc3 Nd4 13. Bf4 Nxb3 14. Qxb3 Bd7
15. Nb5 Bxb5 16. Qxb5 Qd5 17. Qe2 Rfd8 18. Rfd1 Qa5 19. a3 Qa4 20. Bg5 Bxg5 21.
Nxg5 Qf4 22. Nf3 Qa4 1/2-1/2

[Event "XXXI Festival A"]
[Site "Arco ITA"]
[Date "2009.10.22"]
[Round "7"]
[White "Mondon, Fabrice"]
[Black "Facchetti, Lorenzo"]
[Result "1-0"]
[WhiteElo "2029"]
[BlackElo "1836"]
[PlyCount "53"]
[EventDate "2009.10.17"]

1. e4 c6 2. d4 d5 3. exd5 cxd5 4. Bf4 Nf6 5. Bd3 Bg4 6. Nf3 e6 7. c3 Bd6 8.
Qa4+ Nc6 9. Ne5 O-O 10. Nd2 Qc7 11. Nxg4 Nxg4 12. Bxd6 Qxd6 13. h3 Nf6 14. O-O
a6 15. Rae1 b5 16. Qd1 b4 17. Nf3 bxc3 18. bxc3 Rac8 19. Qa4 Ne7 20. Rc1 Rc7
21. Qb4 Qf4 22. a4 g5 23. Ne5 Nc6 24. Qb6 Nxe5 25. dxe5 g4 26. exf6 gxh3 27.
Qe3 1-0

[Event "XXXI Festival A"]
[Site "Arco ITA"]
[Date "2009.10.22"]
[Round "7"]
[White "Nania, Alberto"]
[Black "Marcori, Mirko"]
[Result "1/2-1/2"]
[WhiteElo "1704"]
[BlackElo "1878"]
[PlyCount "96"]
[EventDate "2009.10.17"]

1. d4 f5 2. Nf3 Nf6 3. Bg5 e6 4. Nc3 Be7 5. e3 d5 6. Be2 O-O 7. h4 Bd7 8. Ne5
Be8 9. g4 Ne4 10. Nxe4 fxe4 11. f4 exf3 12. Nxf3 Nd7 13. Qd2 Bg6 14. O-O-O c5
15. Rh3 Rc8 16. Bd3 Be4 17. Bxe4 dxe4 18. Bxe7 Qxe7 19. Ng5 Nf6 20. Qg2 cxd4
21. exd4 e5 22. Nxe4 exd4 23. Nxf6+ Rxf6 24. Qd5+ Qf7 25. Qxf7+ Rxf7 26. Rh2
Rf4 27. g5 Re8 28. Kd2 Ree4 29. Rdh1 Kf7 30. h5 Ke6 31. Re2 Kf5 32. Rxe4 Rxe4
33. Kd3 Rg4 34. g6 hxg6 35. h6 gxh6 36. Rxh6 b5 37. Rh7 Ke5 38. Re7+ Kd5 39.
Rd7+ Kc5 40. Rxa7 Rg3+ 41. Ke4 Re3+ 42. Kf4 Re1 43. Kf3 Rb1 44. b3 Re1 45. a4
bxa4 46. Rxa4 Re3+ 47. Kf4 Rc3 48. Ra2 Kb4 1/2-1/2

[Event "XXXI Festival A"]
[Site "Arco ITA"]
[Date "2009.10.23"]
[Round "7"]
[White "Niccoli, Paolo"]
[Black "Astengo, Marcello"]
[Result "1/2-1/2"]
[WhiteElo "1947"]
[BlackElo "2134"]
[PlyCount "92"]
[EventDate "2009.10.17"]

1. e4 e6 2. d4 d5 3. Nc3 Nf6 4. Bg5 Bb4 5. e5 h6 6. Bd2 Bxc3 7. bxc3 Ne4 8. Qg4
Kf8 9. Bd3 Nxd2 10. Kxd2 c5 11. Nf3 Nc6 12. h4 Qa5 13. Qf4 Bd7 14. Rhb1 b6 15.
a4 cxd4 16. Nxd4 Nxd4 17. Qxd4 Rc8 18. Bb5 Ke7 19. Qb4+ Qxb4 20. cxb4 f6 21. f4
fxe5 22. fxe5 Rhf8 23. Rf1 Rf5 24. Bxd7 Kxd7 25. a5 b5 26. g4 Rff8 27. c3 Ke7
28. g5 hxg5 29. hxg5 Rf5 30. g6 a6 31. Kd3 Rc4 32. Rxf5 exf5 33. Rh1 Rg4 34.
Rh8 Rxg6 35. Kd4 f4 36. Rb8 Ke6 37. Re8+ Kf5 38. Kxd5 f3 39. Rf8+ Kg4 40. e6
Rf6 41. e7 f2 42. Rxf6 gxf6 43. e8=Q f1=Q 44. Qg6+ Kh4 45. Qh6+ Kg3 46. Qe3+
Kg4 1/2-1/2

[Event "XXXI Festival A"]
[Site "Arco ITA"]
[Date "2009.10.22"]
[Round "7"]
[White "Orlandi, Stefano"]
[Black "Gasperoni, Claudio"]
[Result "0-1"]
[WhiteElo "1948"]
[BlackElo "1770"]
[PlyCount "62"]
[EventDate "2009.10.17"]

1. e4 d6 2. f4 Nf6 3. Nc3 e5 4. Nf3 Nbd7 5. Bc4 Be7 6. d3 c6 7. O-O b5 8. Bb3
Nc5 9. fxe5 dxe5 10. h3 O-O 11. Be3 Nxb3 12. cxb3 Qc7 13. Qe1 Re8 14. Qg3 Bd6
15. Qh4 Qe7 16. Qf2 a6 17. g4 Bxg4 18. hxg4 Nxg4 19. Qe2 Nxe3 20. Qxe3 Bc5 21.
d4 exd4 22. Nxd4 Qd7 23. Nce2 Qg4+ 24. Kf2 Rxe4 25. Qf3 Bxd4+ 26. Nxd4 Rf4 27.
Qxf4 Qxf4+ 28. Nf3 g5 29. Kg2 Re8 30. Rf2 Qg4+ 31. Kh2 Re6 0-1

[Event "XXXI Festival A"]
[Site "Arco ITA"]
[Date "2009.10.22"]
[Round "7"]
[White "Parrini, Daniele"]
[Black "Saponara, Nicola"]
[Result "1-0"]
[WhiteElo "2022"]
[BlackElo "1845"]
[PlyCount "87"]
[EventDate "2009.10.17"]

1. e4 c5 2. Nf3 d6 3. d4 cxd4 4. Nxd4 Nf6 5. Nc3 g6 6. Be3 Bg7 7. f3 O-O 8. Qd2
Nc6 9. Bc4 Bd7 10. O-O-O Rc8 11. Bb3 Ne5 12. Kb1 Nc4 13. Bxc4 Rxc4 14. g4 Qc7
15. g5 Nh5 16. Nd5 Qd8 17. Ne2 b6 18. Ng3 e6 19. Nxh5 exd5 20. Nxg7 Kxg7 21.
Qxd5 Qc7 22. Qxd6 Be6 23. Qxc7 Rxc7 24. Bd4+ Kg8 25. Bf6 a5 26. h4 b5 27. h5 b4
28. Rd6 a4 29. hxg6 Bxa2+ 30. Kxa2 fxg6 31. Rh2 h5 32. gxh6 Kh7 33. Rhd2 Rff7
34. f4 Rxc2 35. Rxc2 b3+ 36. Kb1 bxc2+ 37. Kxc2 Kxh6 38. Bg5+ Kh5 39. e5 Rc7+
40. Kb1 Rb7 41. e6 Rb3 42. e7 Re3 43. Rxg6 a3 44. b4 1-0

[Event "XXXI Festival A"]
[Site "Arco ITA"]
[Date "2009.10.22"]
[Round "7"]
[White "Pedrotti, Luciano"]
[Black "Mulone, Gaspare"]
[Result "1-0"]
[WhiteElo "1829"]
[BlackElo "1394"]
[PlyCount "54"]
[EventDate "2009.10.17"]

1. e4 e6 2. d4 d6 3. Nf3 g6 4. Be2 Bg7 5. O-O Ne7 6. c3 O-O 7. Nbd2 Nd7 8. Nc4
d5 9. exd5 Nxd5 10. Ne3 Nxe3 11. Bxe3 b6 12. Qc1 Bb7 13. Ne1 Qe7 14. Bf3 Bxf3
15. Nxf3 c5 16. Bh6 cxd4 17. Bxg7 Kxg7 18. Nxd4 Rfc8 19. Qe3 Nf6 20. Qf3 Qc5
21. Rfe1 a6 22. Rxe6 Ra7 23. Qxf6+ Kg8 24. Rxb6 Rac7 25. Rd1 Qxc3 26. bxc3 Rxc3
27. Nc6 R3xc6 1-0

[Event "XXXI Festival A"]
[Site "Arco ITA"]
[Date "2009.10.23"]
[Round "7"]
[White "Pienabarca, Nicola"]
[Black "Morselli, Stefano"]
[Result "1-0"]
[WhiteElo "2067"]
[BlackElo "1921"]
[PlyCount "99"]
[EventDate "2009.10.17"]

1. d4 Nf6 2. Nf3 g6 3. g3 Bg7 4. Bg2 O-O 5. c4 d6 6. O-O Nbd7 7. Nc3 c5 8. d5
a6 9. a4 Rb8 10. Re1 Ne8 11. e4 Nc7 12. Qd3 f5 13. Bf4 Ne5 14. Nxe5 dxe5 15.
Be3 Qd6 16. f4 Ne6 17. Rad1 exf4 18. dxe6 Qxd3 19. Rxd3 fxe3 20. exf5 gxf5 21.
Bd5 b5 22. axb5 axb5 23. Nxb5 f4 24. gxf4 Rxf4 25. Rexe3 Bxb2 26. Rg3+ Bg7 27.
Ra3 Kf8 28. Ra2 Rf6 29. Rag2 Rg6 30. Rxg6 hxg6 31. Rxg6 Bb7 32. Rg5 Bf6 33. Rf5
Kg7 34. Bxb7 Rxb7 35. Rxc5 Rb6 36. Kf1 Rxe6 37. Nc7 Rb6 38. Ne8+ Kf7 39. Nxf6
Rxf6+ 40. Kg2 Ke8 41. h4 Kd7 42. Kg3 Kd6 43. Rd5+ Kc6 44. h5 e6 45. Rd4 e5 46.
Rh4 Rh6 47. Kg4 e4 48. Kg5 Re6 49. Kg4 Rh6 50. Kg5 1-0

[Event "XXXI Festival A"]
[Site "Arco ITA"]
[Date "2009.10.22"]
[Round "7"]
[White "Pisani, Valerio"]
[Black "Wagner, Frank"]
[Result "1/2-1/2"]
[WhiteElo "1789"]
[BlackElo "1929"]
[PlyCount "40"]
[EventDate "2009.10.17"]

1. e4 c5 2. Nc3 Nc6 3. Bb5 a6 4. Bxc6 bxc6 5. d3 g6 6. Be3 d6 7. Qd2 Bg7 8.
Nge2 Rb8 9. Rb1 Nf6 10. O-O O-O 11. h3 Re8 12. f4 e6 13. Na4 c4 14. Nd4 Bd7 15.
b3 c5 16. Nf3 cxd3 17. Qxd3 Bxa4 18. bxa4 a5 19. Rb5 Rxb5 20. axb5 Qb6 1/2-1/2

[Event "XXXI Festival A"]
[Site "Arco ITA"]
[Date "2009.10.22"]
[Round "7"]
[White "Ricci, Alfredo"]
[Black "Trimarchi, Giuseppe"]
[Result "1-0"]
[WhiteElo "1993"]
[BlackElo "1722"]
[PlyCount "87"]
[EventDate "2009.10.17"]

1. e4 e5 2. Nf3 Nc6 3. d4 exd4 4. c3 d6 5. cxd4 Nf6 6. Nc3 Bg4 7. Be2 Be7 8.
O-O O-O 9. Re1 Re8 10. a3 a6 11. b4 Bf8 12. h3 Bd7 13. Bc4 h6 14. Qb3 Re7 15.
Bf4 b5 16. Bf1 Qe8 17. Qc2 Na7 18. g4 g5 19. Bg3 Bc6 20. d5 Bb7 21. Bg2 Bg7 22.
Rad1 Rd8 23. Nd4 Bc8 24. Qd2 Nh7 25. f4 f6 26. Rc1 Bd7 27. Nd1 Nc8 28. Ne3 gxf4
29. Bxf4 Ng5 30. Nef5 Bxf5 31. exf5 Ne4 32. Bxe4 Rxe4 33. Ne6 Rxe1+ 34. Rxe1
Qd7 35. Rc1 c5 36. bxc5 dxc5 37. Rxc5 Qa7 38. Be3 Qd7 39. Rc7 Qxd5 40. Qxd5
Rxd5 41. Rxc8+ Kh7 42. Rc7 Re5 43. Rxg7+ Kh8 44. Bxh6 1-0

[Event "XXXI Festival A"]
[Site "Arco ITA"]
[Date "2009.10.23"]
[Round "7"]
[White "Riepma, Henk"]
[Black "Schaberg, Wolfgang"]
[Result "0-1"]
[WhiteElo "2117"]
[BlackElo "1943"]
[PlyCount "63"]
[EventDate "2009.10.17"]

1. f4 d5 2. Nf3 Bg4 3. e3 Nd7 4. Be2 Bxf3 5. Bxf3 c6 6. O-O Ngf6 7. d4 e6 8.
Nd2 Bd6 9. g3 c5 10. Qe2 O-O 11. c3 Rb8 12. Kg2 Qc7 13. dxc5 Nxc5 14. e4 dxe4
15. Nxe4 Ncxe4 16. Bxe4 Nxe4 17. Qxe4 b5 18. Be3 Bc5 19. Bxc5 Qxc5 20. Rfd1
Rfd8 21. Kf3 Qh5+ 22. g4 Qh3+ 23. Kf2 Qxh2+ 24. Kf1 Qxb2 25. Qe5 h6 26. g5 Qh2
27. gxh6 Qxh6 28. Rac1 Qh1+ 29. Ke2 Qg2+ 30. Ke3 Qg3+ 31. Ke2 Qg4+ 32. Ke3 0-1

[Event "XXXI Festival A"]
[Site "Arco ITA"]
[Date "2009.10.22"]
[Round "7"]
[White "Rizzoli, Aluna"]
[Black "Isatto, Davide"]
[Result "1-0"]
[WhiteElo "1878"]
[BlackElo "1942"]
[PlyCount "121"]
[EventDate "2009.10.17"]

1. e4 Nf6 2. e5 Nd5 3. d4 d6 4. exd6 exd6 5. c4 Nf6 6. Nc3 Nc6 7. Nf3 Bg4 8.
Be2 Be7 9. O-O O-O 10. Re1 h6 11. Be3 Re8 12. h3 Bf5 13. d5 Ne5 14. Nd4 Bh7 15.
f4 Ned7 16. Bf3 Nc5 17. f5 Nfd7 18. Bf4 Bf6 19. Rxe8+ Qxe8 20. g4 Ne5 21. Be2
c6 22. b4 Ncd7 23. Rc1 c5 24. Ndb5 Qe7 25. Ne4 Bg5 26. Bxg5 hxg5 27. Nbxd6 cxb4
28. Qd2 a5 29. Qxg5 Qxg5 30. Nxg5 Nc5 31. Rd1 Rd8 32. Nb5 f6 33. Nxh7 Kxh7 34.
Nc7 Rd6 35. Ne6 b6 36. Kf2 a4 37. Rb1 Ne4+ 38. Ke3 Nc3 39. Rxb4 b5 40. c5 Nxd5+
41. Kf2 Nxb4 42. cxd6 Nxa2 43. Bxb5 Nc3 44. d7 Nxd7 45. Bxd7 a3 46. Nd4 a2 47.
Nc2 Nd5 48. Be6 Nb4 49. Na1 g5 50. Ke3 Kg7 51. Kd4 Nc6+ 52. Kc5 Ne5 53. Bxa2
Nd3+ 54. Kd6 Nf2 55. Bb3 Nxh3 56. Bd1 Nf2 57. Bf3 Nd3 58. Nb3 Ne5 59. Be2 Kf7
60. Nc5 Kg7 61. Ne6+ 1-0

[Event "XXXI Festival A"]
[Site "Arco ITA"]
[Date "2009.10.22"]
[Round "7"]
[White "Roversi, Stefano"]
[Black "Sprea, Giuseppe"]
[Result "0-1"]
[WhiteElo "1824"]
[BlackElo "2018"]
[PlyCount "78"]
[EventDate "2009.10.17"]

1. e4 c5 2. Nf3 d6 3. d4 cxd4 4. Nxd4 Nf6 5. Nc3 a6 6. Be2 e6 7. O-O Be7 8. Be3
O-O 9. a4 Nc6 10. f4 Qc7 11. Bf3 Nxd4 12. Qxd4 e5 13. Qd2 exf4 14. Bxf4 Be6 15.
Rfe1 Rfe8 16. a5 Rac8 17. Be3 Nd7 18. Nd5 Bxd5 19. Qxd5 Ne5 20. Re2 Qc4 21.
Qxc4 Rxc4 22. c3 Bf6 23. Rd2 Rc6 24. Bd4 Kf8 25. b3 Rxc3 26. Bxc3 Nxf3+ 27.
gxf3 Bxc3 28. Rad1 Bxd2 29. Rxd2 Ke7 30. Rd4 Rc8 31. Rb4 Rc7 32. Kf2 Ke6 33.
Ke3 Rc5 34. Rxb7 Rxa5 35. Kd4 Rb5 36. Ra7 Rxb3 37. Rxa6 Rxf3 38. e5 Rf4+ 39.
Ke3 Kxe5 0-1

[Event "XXXI Festival A"]
[Site "Arco ITA"]
[Date "2009.10.23"]
[Round "7"]
[White "Rozentalis, Eduardas"]
[Black "Franco Ocampos, Zenon"]
[Result "1/2-1/2"]
[WhiteElo "2603"]
[BlackElo "2505"]
[PlyCount "85"]
[EventDate "2009.10.17"]

1. e4 c5 2. Nf3 Nc6 3. Bb5 e6 4. O-O Nge7 5. b3 a6 6. Bxc6 Nxc6 7. Bb2 b5 8. c4
bxc4 9. bxc4 Qb6 10. Bc3 Nd4 11. Na3 Be7 12. Nc2 Nxc2 13. Qxc2 O-O 14. Rab1 Qc7
15. d4 d6 16. dxc5 dxc5 17. Qb2 f6 18. e5 Ra7 19. exf6 gxf6 20. Qe2 Qc6 21. Nh4
e5 22. f4 e4 23. f5 Bd6 24. Rbe1 Re7 25. Qg4+ Kh8 26. Re3 Rg7 27. Qxe4 Qxe4 28.
Rxe4 Kg8 29. Rd1 Bc7 30. Rd3 Bb7 31. Re6 Rg4 32. Re7 Be4 33. Re3 Rxh4 34. R3xe4
Bxh2+ 35. Kf2 Bd6 36. R7e6 Rxe4 37. Rxe4 Kf7 38. Re6 Be7 39. Rxa6 Rd8 40. g4
Rd3 41. Ra3 Rh3 42. Kg2 Re3 43. Kf2 1/2-1/2

[Event "XXXI Festival A"]
[Site "Arco ITA"]
[Date "2009.10.22"]
[Round "7"]
[White "Russo, Carmelo"]
[Black "Rigo, Marco"]
[Result "1/2-1/2"]
[WhiteElo "1733"]
[BlackElo "1908"]
[PlyCount "102"]
[EventDate "2009.10.17"]

1. d4 d5 2. c4 e6 3. Nc3 c6 4. e3 Bd6 5. Nf3 f5 6. Bd3 Nf6 7. O-O Nbd7 8. cxd5
cxd5 9. b3 a6 10. Bb2 O-O 11. Rc1 Ne4 12. Ne2 Rf6 13. Ne5 Rh6 14. f3 Ng5 15.
Qe1 Qf6 16. Qg3 Qe7 17. Rc2 Nf8 18. Rfc1 Bd7 19. Nc3 Nf7 20. Na4 Bxe5 21. dxe5
Bc6 22. Nc5 Nd7 23. Bxf5 exf5 24. e6 Rg6 25. exf7+ Kxf7 26. Qf4 Nxc5 27. Rxc5
Kg8 28. Be5 Re8 29. Bd4 Qd6 30. Qxd6 Rxd6 31. f4 h6 32. Kf2 g5 33. g3 Kf7 34.
Rh1 Ke6 35. Bg7 Kd7 36. fxg5 d4 37. Re1 dxe3+ 38. Rxe3 hxg5 39. Rxe8 Kxe8 40.
Rxf5 Rd2+ 41. Ke3 Rxh2 42. Rf2 Rxf2 43. Kxf2 Kf7 44. Be5 Ke6 45. Bc7 Kd5 46.
Ke3 Kc5 47. Bd8 g4 48. Be7+ Kd5 49. Ba3 Bd7 50. Bf8 Bf5 51. Kf4 Be6 1/2-1/2

[Event "XXXI Festival A"]
[Site "Arco ITA"]
[Date "2009.10.23"]
[Round "7"]
[White "Schrott, Ernst"]
[Black "De Nisi, Roberta"]
[Result "0-1"]
[WhiteElo "2059"]
[BlackElo "1903"]
[PlyCount "55"]
[EventDate "2009.10.17"]

1. e4 e6 2. c4 d5 3. cxd5 exd5 4. exd5 Qxd5 5. Nc3 Qa5 6. Bc4 Nc6 7. Nf3 Bg4 8.
Bxf7+ Kxf7 9. Qb3+ Be6 10. Qxb7 Re8 11. O-O Nd8 12. Qe4 Nf6 13. Qc2 Bd6 14. d4
Rhf8 15. Bg5 Kg8 16. h3 Qf5 17. Qxf5 Bxf5 18. Rfe1 Nc6 19. Rac1 Rxe1+ 20. Rxe1
Re8 21. Re3 Rb8 22. Ne5 Nxd4 23. Nc4 Nc2 24. Rf3 Be4 25. Nxe4 Nxe4 26. Bc1 Rf8
27. Re3 Nxe3 28. Nxe3 0-1

[Event "XXXI Festival A"]
[Site "Arco ITA"]
[Date "2009.10.22"]
[Round "7"]
[White "Stolfa, Rodolfo"]
[Black "Fragni, Enrico"]
[Result "1-0"]
[WhiteElo "1886"]
[BlackElo "1767"]
[PlyCount "103"]
[EventDate "2009.10.17"]

1. d4 c6 2. c4 d6 3. Nf3 Bg4 4. e3 Nd7 5. Be2 e5 6. Nc3 Ngf6 7. O-O Be7 8. b3
Qc7 9. Bb2 O-O 10. h3 Bf5 11. Nh2 exd4 12. exd4 d5 13. c5 Rfe8 14. g4 Bg6 15.
f4 h6 16. f5 Bh7 17. Kg2 Bd8 18. Bc1 Ne4 19. Nxe4 Rxe4 20. Bf3 Bh4 21. Bxe4
Qg3+ 22. Kh1 dxe4 23. Qe2 Re8 24. Qe3 Qc7 25. Qf4 Qd8 26. Be3 Bg5 27. Qf2 Bh4
28. Qd2 Kh8 29. Rg1 f6 30. Nf1 Bg8 31. Bxh6 Bg5 32. Bxg5 fxg5 33. Qe3 Bd5 34.
Nd2 b5 35. Rg2 Kh7 36. Re1 Rh8 37. Kg1 Kg8 38. Nb1 Qc7 39. Rf2 Rh4 40. Rg2 b4
41. Nd2 Nf6 42. Rc1 a5 43. Ra1 a4 44. Rc1 axb3 45. axb3 Qa7 46. Nc4 Bxc4 47.
bxc4 Qa4 48. Rb1 Qa3 49. Qxa3 bxa3 50. Rb3 a2 51. Rxa2 Nxg4 52. hxg4 1-0

[Event "XXXI Festival A"]
[Site "Arco ITA"]
[Date "2009.10.22"]
[Round "7"]
[White "Tovazzi, Maurizio"]
[Black "Salati, Paolo"]
[Result "1/2-1/2"]
[WhiteElo "1643"]
[BlackElo "1866"]
[PlyCount "59"]
[EventDate "2009.10.17"]

1. e4 Nf6 2. Nc3 d5 3. exd5 Nxd5 4. Nxd5 Qxd5 5. Nf3 Bg4 6. Be2 e6 7. O-O Be7
8. c3 O-O 9. d4 Nd7 10. Qc2 Bf5 11. Bd3 Bxd3 12. Qxd3 Rad8 13. Qc2 c5 14. dxc5
Nxc5 15. Be3 b6 16. Bxc5 Qxc5 17. Rfe1 Rd5 18. Qe4 Rfd8 19. h3 Bf6 20. Rac1 b5
21. a3 a5 22. Qc2 h6 23. Re2 Qc4 24. Re4 Qc7 25. Qe2 Qd7 26. Kf1 Qc6 27. Re1
Qd6 28. h4 Kf8 29. g3 Qe7 30. Kg2 1/2-1/2

[Event "XXXI Festival A"]
[Site "Arco ITA"]
[Date "2009.10.22"]
[Round "7"]
[White "Traversi, Carlo"]
[Black "Paggiaro, Luca"]
[Result "0-1"]
[WhiteElo "1725"]
[BlackElo "2049"]
[PlyCount "41"]
[EventDate "2009.10.17"]

1. e4 d6 2. Nf3 g6 3. Nc3 Bg7 4. Be2 Nc6 5. O-O e5 6. d3 Nge7 7. Be3 O-O 8. Qd2
f5 9. Bh6 f4 10. Bxg7 Kxg7 11. d4 Bg4 12. dxe5 Bxf3 13. Bxf3 Nxe5 14. Qe2 N7c6
15. Rad1 Qg5 16. Nb5 Rf7 17. Nd4 Nxd4 18. Rxd4 Rd8 19. Rfd1 Qh4 20. Kh1 g5 21.
Bg4 0-1

[Event "XXXI Festival A"]
[Site "Arco ITA"]
[Date "2009.10.23"]
[Round "7"]
[White "Van Riemsdijk, Herman C."]
[Black "Vuelban, Virgilio"]
[Result "1/2-1/2"]
[WhiteElo "2385"]
[BlackElo "2405"]
[PlyCount "48"]
[EventDate "2009.10.17"]

1. e4 e6 2. d4 d5 3. Nc3 Nf6 4. Bg5 Bb4 5. Nge2 dxe4 6. a3 Be7 7. Bxf6 Bxf6 8.
Nxe4 Nc6 9. Nxf6+ Qxf6 10. Qd3 O-O 11. Qe3 b6 12. O-O-O Bb7 13. Qf4 Qxf4+ 14.
Nxf4 e5 15. dxe5 Nxe5 16. f3 Rfd8 17. Be2 Kf8 18. Rxd8+ Rxd8 19. Rd1 Rxd1+ 20.
Kxd1 Ke7 21. Kd2 f5 22. h4 g6 23. Ke3 h6 24. Nd3 Nxd3 1/2-1/2

[Event "XXXI Festival A"]
[Site "Arco ITA"]
[Date "2009.10.23"]
[Round "7"]
[White "Vezzosi, Paolo"]
[Black "Bonanzinga, Corrado"]
[Result "1-0"]
[WhiteElo "2381"]
[BlackElo "2136"]
[PlyCount "58"]
[EventDate "2009.10.17"]

1. d4 Nf6 2. Nf3 g6 3. Nc3 d5 4. Bf4 c6 5. e3 Bg7 6. Be2 Bg4 7. h3 Bxf3 8. Bxf3
Nbd7 9. O-O O-O 10. a4 Re8 11. a5 e5 12. Bg3 b5 13. Qd2 exd4 14. exd4 Ne4 15.
Nxe4 dxe4 16. Be2 Nc5 17. Rfd1 Ne6 18. c3 Qd5 19. h4 h5 20. Re1 Rad8 21. Qe3
Kh7 22. Bf1 f5 23. Be5 Bh6 24. f4 c5 25. Red1 Qb3 26. g3 Bf8 27. Qe2 b4 28. Qc4
Qxb2 29. d5 Ng7 1-0

[Event "XXXI Festival A"]
[Site "Arco ITA"]
[Date "2009.10.24"]
[Round "8"]
[White "Ager, Josef"]
[Black "Vezzosi, Paolo"]
[Result "0-1"]
[WhiteElo "2226"]
[BlackElo "2381"]
[PlyCount "66"]
[EventDate "2009.10.17"]

1. Nf3 Nf6 2. g3 d5 3. c4 d4 4. d3 Nc6 5. Bg2 e5 6. O-O Be7 7. e3 O-O 8. exd4
exd4 9. Nbd2 Bf5 10. Ne1 Qd7 11. a3 a5 12. Ndf3 h6 13. Bf4 Bd6 14. Bxd6 Qxd6
15. Rb1 a4 16. Nc2 Nd7 17. Nb4 Nc5 18. Nxc6 bxc6 19. Ne1 Qg6 20. Rc1 Rab8 21.
Nf3 Qf6 22. Qd2 Nb3 23. Qf4 Nxc1 24. Rxc1 c5 25. Qd2 Rfe8 26. Ne1 Bg4 27. Be4
Bf5 28. Bf3 Qg5 29. Qc2 Bd7 30. h4 Qf6 31. Bg2 Qb6 32. Rb1 Qb3 33. Qd2 Qa2 0-1

[Event "XXXI Festival A"]
[Site "Arco ITA"]
[Date "2009.10.23"]
[Round "8"]
[White "Barlotti, Gabriele"]
[Black "Stolfa, Rodolfo"]
[Result "1/2-1/2"]
[WhiteElo "1664"]
[BlackElo "1886"]
[PlyCount "80"]
[EventDate "2009.10.17"]

1. d4 d5 2. c4 e6 3. Nc3 Nf6 4. Bg5 Nbd7 5. e3 Be7 6. Nf3 O-O 7. Bd3 h6 8. Bh4
Re8 9. O-O b6 10. cxd5 exd5 11. Rc1 Bb7 12. Nb5 c6 13. Nc3 c5 14. dxc5 Nxc5 15.
Bb5 Rf8 16. Nd4 Qc8 17. b4 a6 18. Be2 Ncd7 19. Nxd5 Qd8 20. Nxe7+ Qxe7 21. Bxf6
Nxf6 22. a3 Nd5 23. Bf3 Rfd8 24. Qb3 Qg5 25. Rfd1 Rd6 26. Ne2 Rad8 27. Ng3 Qe5
28. Rd4 Ba8 29. Rcd1 Nc7 30. Rxd6 Rxd6 31. Rxd6 Qxd6 32. Bxa8 Nxa8 33. Qc2 Nc7
34. Ne4 Qd7 35. Qd2 Qc6 36. f3 Ne6 37. Qc3 Qa4 38. Qc8+ Kh7 39. Qc1 Qb3 40. Nc3
Kg8 1/2-1/2